[Event "Bad Woerishofen Seniors op 32nd"]
[Site "Bad Woerishofen"]
[Date "2016.03.02"]
[Round "6"]
[White "Krotofil, Kurt"]
[Black "Wagner, Gerhard"]
[Result "1-0"]
[WhiteElo "1987"]
[BlackElo "1760"]
[PlyCount "85"]
[EventDate "2016.02.26"]
[EventType "swiss"]
[EventRounds "9"]
[EventCountry "GER"]
[SourceTitle "EXT 2019"]
[Source "ChessBase"]
[SourceDate "2018.10.10"]
[SourceVersion "1"]
[SourceVersionDate "2018.10.10"]
[SourceQuality "1"]

1. d4 d5 2. c4 c6 3. Nf3 Nf6 4. Nc3 e6 5. e3 Bd6 6. Bd3 dxc4 7. Bxc4 Nbd7 8. e4 b5 9. e5 bxc4 10. exd6 Nb6 11. Bg5 Qxd6 12. Bxf6 gxf6 13. Qd2 Bb7 14. Ne4 Qe7 15. Nc5 Nd5 16. 0-0 0-0-0 17. Qa5 Nf4 18. Qxa7 Rhg8 19. g3 h5 20. a4 Qc7 21. a5 Qb8 22. Qxb8+ Kxb8 23. Ra4 Nd3 24. Rxc4 Nxc5 25. Rxc5 h4 26. Rd1 hxg3 27. hxg3 Ba6 28. Rd2 Bb5 29. d5 Rd6 30. dxc6 Bxc6 31. Rxd6 Bxf3 32. Rb6+ Ka8 33. Rc3 Bd5 34. b4 Rg4 35. Rc8+ Ka7 36. Rc7+ Ka8 37. Rxf7 Rc4 38. f3 Rc1+ 39. Kf2 Rc2+ 40. Ke1 f5 41. Rd6 Rc8 42. Rxd5 exd5 43. Rxf5 1-0

[Event "Bad Woerishofen Seniors op 32nd"]
[Site "Bad Woerishofen"]
[Date "2016.02.26"]
[Round "1"]
[White "Wagner, Gerhard"]
[Black "Sand, Rolf"]
[Result "1/2-1/2"]
[WhiteElo "1760"]
[BlackElo "2032"]
[PlyCount "110"]
[EventDate "2016.02.26"]
[EventType "swiss"]
[EventRounds "9"]
[EventCountry "GER"]
[SourceTitle "EXT 2019"]
[Source "ChessBase"]
[SourceDate "2018.10.10"]
[SourceVersion "1"]
[SourceVersionDate "2018.10.10"]
[SourceQuality "1"]

1. e4 c5 2. d4 cxd4 3. c3 dxc3 4. Nxc3 Nc6 5. Nf3 d6 6. Bc4 a6 7. 0-0 Nf6 8. Qe2 Bg4 9. Be3 e6 10. Rfd1 Be7 11. Bd4 0-0 12. Rac1 Nxd4 13. Rxd4 Qa5 14. h3 Bxf3 15. Qxf3 Rac8 16. Bb3 Rfd8 17. Qe3 Ne8 18. Ra4 Qc5 19. Qxc5 Rxc5 20. Rc4 Rxc4 21. Bxc4 Rc8 22. b3 Bg5 23. Rc2 Bf6 24. Ne2 Kf8 25. Kf1 Ke7 26. Ke1 d5 27. Bd3 Rxc2 28. Bxc2 dxe4 29. Bxe4 Nd6 30. Bc2 Be5 31. Kd2 f5 32. f4 Bf6 33. Ke3 Nb5 34. Kd3 Kd6 35. a4 Nc7 36. Kc4 Nd5 37. g3 Ne3+ 38. Kd3 Nxc2 39. Kxc2 Kd5 40. Kd3 h5 41. h4 e5 42. fxe5 Bxe5 43. Nf4+ Bxf4 44. gxf4 a5 45. Ke3 Kc5 46. Kd3 Kb4 47. Kc2 b6 48. Kb2 b5 49. axb5 Kxb5 50. Kc3 Kc5 51. Kd3 g6 52. Kc3 Kb5 53. Kd3 Kb4 54. Kc2 Ka3 55. Kc3 Ka2 1/2-1/2

[Event "Bad Woerishofen Seniors op 30th"]
[Site "Bad Woerishofen"]
[Date "2014.03.28"]
[Round "8"]
[White "Flockerzi, Armin"]
[Black "Wagner, Gerhard"]
[Result "1-0"]
[WhiteElo "1815"]
[BlackElo "1795"]
[PlyCount "31"]
[EventDate "2014.03.21"]
[EventType "swiss"]
[EventRounds "9"]
[EventCountry "GER"]
[SourceTitle "EXT 2019"]
[Source "ChessBase"]
[SourceDate "2018.10.10"]
[SourceVersion "1"]
[SourceVersionDate "2018.10.10"]
[SourceQuality "1"]

1. Nf3 Nf6 2. b3 Nc6 3. Bb2 d6 4. d4 e6 5. g3 d5 6. Bg2 Be7 7. Nbd2 0-0 8. 0-0 Re8 9. Re1 Bb4 10. c3 Bd6 11. e4 dxe4 12. Nxe4 Nxe4 13. Rxe4 Bd7 14. Qc2 e5 15. Rh4 Be7 16. Qxh7+ 1-0

[Event "Bad Woerishofen Seniors op 30th"]
[Site "Bad Woerishofen"]
[Date "2014.03.27"]
[Round "7"]
[White "Wagner, Gerhard"]
[Black "Klimpel, Siegfried"]
[Result "0-1"]
[WhiteElo "1795"]
[BlackElo "1860"]
[PlyCount "74"]
[EventDate "2014.03.21"]
[EventType "swiss"]
[EventRounds "9"]
[EventCountry "GER"]
[SourceTitle "EXT 2019"]
[Source "ChessBase"]
[SourceDate "2018.10.10"]
[SourceVersion "1"]
[SourceVersionDate "2018.10.10"]
[SourceQuality "1"]

1. e4 c5 2. d4 cxd4 3. c3 dxc3 4. Nxc3 Nc6 5. Nf3 e6 6. Bc4 a6 7. a4 Nge7 8. Bg5 f6 9. Bh4 Ng6 10. 0-0 Nxh4 11. Nxh4 Ne5 12. Ba2 Nf7 13. Re1 Bc5 14. Qe2 b6 15. Rad1 Qe7 16. Kh1 0-0 17. f4 Kh8 18. Qh5 Nh6 19. f5 Bf2 20. Rf1 Bxh4 21. Qxh4 Bb7 22. fxe6 dxe6 23. Qh3 Rfe8 24. Bb1 Rad8 25. Qe3 Rxd1 26. Rxd1 Qc7 27. Kg1 Ng4 28. Qg3 Qc5+ 29. Kf1 Ne3+ 30. Ke2 Nxd1 31. Kxd1 Rd8+ 32. Ke1 Qd6 33. Qe3 Qb4 34. Qe2 Qd4 35. Kf1 Qd2 36. Kf2 Qf4+ 37. Ke1 Qc1+ 0-1

[Event "Bad Woerishofen Seniors op 30th"]
[Site "Bad Woerishofen"]
[Date "2014.03.22"]
[Round "2"]
[White "Haakert, Karl"]
[Black "Wagner, Gerhard"]
[Result "1/2-1/2"]
[WhiteElo "1943"]
[BlackElo "1795"]
[PlyCount "43"]
[EventDate "2014.03.21"]
[EventType "swiss"]
[EventRounds "9"]
[EventCountry "GER"]
[SourceTitle "EXT 2019"]
[Source "ChessBase"]
[SourceDate "2018.10.10"]
[SourceVersion "1"]
[SourceVersionDate "2018.10.10"]
[SourceQuality "1"]

1. e4 e6 2. d4 d5 3. e5 Ne7 4. Nf3 Nf5 5. Bd3 c5 6. c3 Nc6 7. Bxf5 exf5 8. a3 b6 9. 0-0 Be7 10. Re1 0-0 11. b4 c4 12. a4 a6 13. Ba3 b5 14. Nbd2 Be6 15. Nf1 Qd7 16. Bc1 Qd8 17. Qc2 Re8 18. Qb2 Bd7 19. axb5 axb5 20. Rxa8 Qxa8 21. Bg5 Qd8 22. Bxe7 1/2-1/2

[Event "Bad Woerishofen Seniors op 28th"]
[Site "Bad Woerishofen"]
[Date "2012.03.09"]
[Round "8.43"]
[White "Ganslmayer, Herbert"]
[Black "Wagner, Gerhard"]
[Result "1-0"]
[WhiteElo "1689"]
[BlackElo "1590"]
[PlyCount "97"]
[EventDate "2012.03.02"]
[EventType "swiss"]
[EventRounds "9"]
[EventCountry "GER"]
[SourceTitle "EXT 2022"]
[Source "ChessBase"]
[SourceDate "2021.10.06"]
[SourceVersion "1"]
[SourceVersionDate "2021.10.06"]
[SourceQuality "1"]

1. d4 d5 2. e3 Nf6 3. f4 Nc6 4. c3 a6 5. Bd3 g6 6. Nf3 Bg7 7. 0-0 0-0 8. Nbd2 Bg4 9. Qe1 Qc8 10. Ne5 Nxe5 11. fxe5 Ne8 12. e4 c6 13. Qh4 f6 14. h3 Be6 15. exf6 exf6 16. Nf3 dxe4 17. Bxe4 Nd6 18. Bd3 Bf5 19. Bxf5 Nxf5 20. Qf2 Qc7 21. Nh4 Nd6 22. Bf4 Qd7 23. Bxd6 Qxd6 24. Rfe1 Rae8 25. Re2 Rxe2 26. Qxe2 Qd7 27. Re1 Kf7 28. Qc4+ Qd5 29. Qxd5+ cxd5 30. Nf3 Re8 31. Kf2 Rxe1 32. Nxe1 h5 33. Nd3 Bf8 34. Nc5 Bxc5 35. dxc5 Ke6 36. b4 Kd7 37. a4 Kc6 38. Ke3 b6 39. cxb6 Kxb6 40. Kd4 Kc6 41. b5+ axb5 42. axb5+ Kxb5 43. Kxd5 Kb6 44. Ke6 f5 45. Kf6 Kc5 46. Kxg6 Kc4 47. Kxh5 Kxc3 48. Kg5 Kd4 49. Kxf5 1-0

[Event "Bad Woerishofen Seniors op 28th"]
[Site "Bad Woerishofen"]
[Date "2012.03.08"]
[Round "7.46"]
[White "Wagner, Gerhard"]
[Black "Schumacher, Horst"]
[Result "1/2-1/2"]
[WhiteElo "1590"]
[BlackElo "1701"]
[PlyCount "43"]
[EventDate "2012.03.02"]
[EventType "swiss"]
[EventRounds "9"]
[EventCountry "GER"]
[SourceTitle "EXT 2022"]
[Source "ChessBase"]
[SourceDate "2021.10.06"]
[SourceVersion "1"]
[SourceVersionDate "2021.10.06"]
[SourceQuality "1"]

1. e4 d5 2. exd5 Nf6 3. Bb5+ Bd7 4. Bc4 Bg4 5. f3 Bf5 6. Nc3 Nbd7 7. Nge2 Nb6 8. Ng3 Nxc4 9. Nxf5 Nxd5 10. 0-0 g6 11. Nxd5 Qxd5 12. Ne3 Nxe3 13. dxe3 Qc5 14. Qd4 Qxd4 15. exd4 Rd8 16. c3 Bg7 17. Re1 Rd7 18. Bg5 f6 19. Be3 Kf7 20. b3 a6 21. Rac1 f5 22. f4 1/2-1/2

[Event "Bad Woerishofen Seniors op 28th"]
[Site "Bad Woerishofen"]
[Date "2012.03.04"]
[Round "3.25"]
[White "Wagner, Gerhard"]
[Black "Mentel, Juergen"]
[Result "0-1"]
[WhiteElo "1590"]
[BlackElo "1866"]
[PlyCount "86"]
[EventDate "2012.03.02"]
[EventType "swiss"]
[EventRounds "9"]
[EventCountry "GER"]
[SourceTitle "EXT 2022"]
[Source "ChessBase"]
[SourceDate "2021.10.06"]
[SourceVersion "1"]
[SourceVersionDate "2021.10.06"]
[SourceQuality "1"]

1. e4 c5 2. d4 cxd4 3. c3 dxc3 4. Nxc3 e6 5. Nf3 a6 6. Bc4 b5 7. Bb3 Bb7 8. Qe2 b4 9. Na4 d6 10. 0-0 Nf6 11. e5 Nd5 12. Rd1 Be7 13. exd6 Qxd6 14. Be3 Nd7 15. Rac1 0-0 16. Bc5 Nxc5 17. Nxc5 Bc8 18. Qe4 Ra7 19. h4 Rc7 20. Bxd5 Rxc5 21. Bc4 Qc7 22. b3 Bb7 23. Qg4 h5 24. Qd4 Rd8 25. Qe3 Rc8 26. g3 Qc6 27. Rd3 Rf5 28. Kg2 Rxf3 29. Qxf3 Qc7 30. Bd5 Bxd5 31. Rxd5 Qxc1 32. Rxh5 Qc6 33. Qxc6 Rxc6 34. Ra5 Bd8 35. Ra4 a5 36. a3 Be7 37. axb4 Bxb4 38. Ra1 Rc2 39. Rb1 Bc5 40. Rf1 Rb2 41. Kf3 Rxb3+ 42. Kf4 a4 43. Ra1 a3 0-1

[Event "Oberfranken-ch Seniors"]
[Site "Bischofsgruen"]
[Date "2009.06.05"]
[Round "1"]
[White "Wagner, Gerhard"]
[Black "Josting, Friedel"]
[Result "1/2-1/2"]
[WhiteElo "1560"]
[BlackElo "2004"]
[PlyCount "67"]
[EventDate "2009.06.05"]
[EventType "swiss"]
[EventRounds "9"]
[EventCountry "GER"]
[SourceTitle "EXT 2012"]
[Source "ChessBase"]
[SourceDate "2011.11.24"]
[SourceVersion "1"]
[SourceVersionDate "2011.11.24"]
[SourceQuality "1"]

1. e4 c5 2. d4 cxd4 3. c3 d3 4. Nf3 d6 5. Bxd3 Nc6 6. Be3 Nf6 7. h3 e6 8. 0-0 Be7 9. Qc2 Qc7 10. Nbd2 0-0 11. Rad1 b6 12. Nb3 Bb7 13. Ng5 h6 14. Nf3 Rac8 15. Qd2 Ne5 16. Qe2 Nxd3 17. Qxd3 Bxe4 18. Qd2 Kh7 19. Nfd4 a6 20. f3 Bg6 21. Rfe1 Nd5 22. Bf2 Qc4 23. h4 Nf6 24. Ne2 b5 25. Nf4 e5 26. Nxg6 fxg6 27. Qc1 b4 28. h5 Nxh5 29. Re4 Qf7 30. Rxb4 Nf4 31. Rb7 Nxg2 32. Rxe7 Qxe7 33. Kxg2 Qg5+ 34. Bg3 1/2-1/2

[Event "Bad Woerishofen op 24th"]
[Site "Bad Woerishofen"]
[Date "2008.03.04"]
[Round "6"]
[White "Wagner, Gerhard"]
[Black "Bangert, Ruediger"]
[Result "1-0"]
[WhiteElo "1493"]
[BlackElo "1482"]
[PlyCount "63"]
[EventDate "2008.02.28"]
[EventType "swiss"]
[EventRounds "9"]
[EventCountry "GER"]
[SourceTitle "EXT 2022"]
[Source "ChessBase"]
[SourceDate "2021.10.06"]
[SourceVersion "1"]
[SourceVersionDate "2021.10.06"]
[SourceQuality "1"]

1. e4 Nc6 2. d4 e6 3. c3 g6 4. Nf3 Bg7 5. Bg5 Nge7 6. Qc1 d6 7. Bb5 a6 8. Ba4 b5 9. Bc2 e5 10. d5 Na5 11. b3 Bg4 12. Bd1 c6 13. dxc6 Naxc6 14. Bh6 0-0 15. Bxg7 Kxg7 16. h3 Bxf3 17. Bxf3 b4 18. 0-0 bxc3 19. Nxc3 Rc8 20. Qd1 Nd4 21. Rc1 Rb8 22. Qd3 a5 23. Ne2 Nec6 24. Rfd1 Nb4 25. Qd2 Nxf3+ 26. gxf3 Rb6 27. a3 Na6 28. Qxa5 Nc5 29. Rxc5 Qg5+ 30. Ng3 Rfb8 31. Rc8 R8b7 32. b4 1-0

[Event "Merano Gold Cup 34th"]
[Site "Merano"]
[Date "2006.04.29"]
[Round "9"]
[White "Wagner, Gerhard"]
[Black "Schuchardt, Heinz"]
[Result "0-1"]
[WhiteElo "1399"]
[BlackElo "1735"]
[PlyCount "84"]
[EventDate "2006.04.21"]
[EventType "swiss"]
[EventRounds "9"]
[EventCountry "ITA"]
[SourceTitle "EXT 2007"]
[Source "ChessBase"]
[SourceDate "2006.11.23"]
[SourceVersion "1"]
[SourceVersionDate "2006.11.23"]
[SourceQuality "1"]

1. e4 g6 2. d4 Bg7 3. e5 c5 4. c3 Nc6 5. Nf3 cxd4 6. cxd4 a6 7. Be2 d6 8. exd6 Qxd6 9. Be3 Nh6 10. h3 Nf5 11. Nc3 Nxe3 12. fxe3 Qg3+ 13. Kf1 0-0 14. Ne4 Qc7 15. Kf2 b6 16. Rc1 Qd7 17. Qd2 Bb7 18. Ng3 Rad8 19. Rhd1 Qd6 20. Ne4 Qb8 21. Bxa6 Nxd4 22. Bxb7 Qxb7 23. Neg5 Nc6 24. Qc2 Rxd1 25. Rxd1 h6 26. Ne4 Rc8 27. Nc3 Ne5 28. Qb3 Nxf3 29. gxf3 Qc7 30. Kg2 h5 31. h4 e6 32. a3 Bf6 33. Kh3 Qe7 34. Qxb6 Bxh4 35. e4 Qf6 36. Qe3 Bg5 37. Qe2 Bf4 38. Qf1 Rb8 39. Qf2 Be5 40. Rc1 Rxb2 41. Ne2 Qg5 42. f4 Qg4+ 0-1